000 01093nam a22002297a 4500
005 20250425125625.0
008 250425b |||||||| |||| 00| 0 eng d
020 _a978-81-8315-556-4 (hbk)
037 _cTB
040 _aCRL
_cCRL
041 _2hin
_ahin
_hsan
084 _aO15:gx1,1 152R4
_qCRL
100 _aत्रिपाठी, राधावल्लभ
_9753015
245 _aनाट्यशास्त्र, संस्कृत नाट्य तथा विश्व रंगमंच
260 _aदिल्ली, भारत:
_bन्यू भारतीय बुक कॉर्पोरेशन,
_c2024.
300 _a365पृ0
365 _b1200.00
_cINR
546 _aTranslated from Sanskrit to Hindi
650 _aसंस्कृत साहित्य
_9753016
942 _2CC
_cTB
_hO15:gx1,1 152R4
_n0
999 _c1309394
_d1309394